| 000 | 01035cam a22002894a 4500 | ||
|---|---|---|---|
| 001 | 12907042 | ||
| 003 | CEME | ||
| 005 | 20210628201521.0 | ||
| 008 | 020826s2003 nyua 001 0 eng | ||
| 010 | _a 2002032409 | ||
| 020 | _a0071385533 (alk. paper) | ||
| 040 |
_aDLC _cDLC _dDLC |
||
| 042 | _apcc | ||
| 050 | 0 | 0 |
_aTK5103.482 _bG67 2003 |
| 082 | 0 | 0 |
_a621.39/81 _221 |
| 100 | _4Hoffman, John | ||
| 245 | 0 | 0 |
_aGPRS demystified _cHOFFMAN, JOHN, editor. |
| 260 |
_aNew York : _bMcGraw-Hill, _cc2003. |
||
| 300 |
_axxii, 457 p. : _bill. ; _c24 cm. |
||
| 504 | _aIncludes bibliographical references and index. | ||
| 650 | 0 |
_aGeneral Packet Radio Service. _955614 |
|
| 700 | 1 |
_aHoffman, John, _d1957- _955615 |
|
| 856 | 4 | 1 |
_3Table of contents _uhttp://www.loc.gov/catdir/toc/mh031/2002032409.html |
| 856 | 4 | 2 |
_3Publisher description _uhttp://www.loc.gov/catdir/description/mh031/2002032409.html |
| 856 | 4 | 2 |
_3Contributor biographical information _uhttp://www.loc.gov/catdir/enhancements/fy0704/2002032409-b.html |
| 942 |
_2ddc _cBK |
||
| 999 |
_c566408 _d566408 |
||